|
|
|
|
| LEADER |
00000nab a2200000 a 4500 |
| 001 |
vtls000741613 |
| 003 |
SK-MaSNL |
| 005 |
20260302193952.0 |
| 008 |
140228c2000 xo 0 slo |
| 015 |
|
|
|a SNBRB2000/12-30463
|
| 035 |
|
|
|a CLN000093453
|
| 040 |
|
|
|a SNKBUCL
|b slo
|c SNKBUCL
|e AACR2
|
| 041 |
0 |
|
|a slo
|
| 044 |
|
|
|a xo
|c SK
|
| 080 |
|
|
|a 347.721
|2 1997
|
| 080 |
|
|
|a 658.114
|2 1997
|
| 100 |
1 |
|
|a Puličková, Alena
|4 aut
|9 892228
|
| 245 |
1 |
0 |
|a Podnikatelia ako účastníci združenia
|c Alena Pauličková
|
| 650 |
0 |
7 |
|a podnikatelia
|x združenia
|2 snkbucl
|9 913386
|
| 650 |
0 |
7 |
|a združenia
|2 snkbucl
|9 315624
|
| 655 |
|
7 |
|a články z novín a časopisov
|2 snkbucl
|9 267496
|
| 773 |
0 |
|
|t Hospodárske noviny
|g Roč. 8, č. 235 (8.-10.12.2000), s. 8
|x 1335-4701
|
| 850 |
|
|
|a Slovenská národná knižnica v Martine
|
| 852 |
|
|
|a SNK
|b KIS3GCP
|
| 958 |
|
|
|a SK
|
| 992 |
|
|
|a RBX
|
| 999 |
|
|
|c 1446830
|d 1448760
|